000
00313nam a22001337a 4500
008
251222b ||||| |||| 00| 0 eng d
020
_a
33389219116325
041
_a
eng
080
_2
14th
_a
1545254
100
_a
1
101
_a
MED
245
_a
MEDICINE INTERNATIONAL TEST TEST
_c
WILL
942
_2
udc
_c
BK
_e
14th
999
_c
60738
_d
60738